Normale Ansicht MARC-Ansicht ISBD

Trauer um Christa Friedemann. (Titelsatznr. 371300)

[ MARC ]
MARC-Details
000 -Satzkennung
Kontrollfeld mit fester Länge 00709nam a22001697a 4500
008 - Feld mit fester Länge zur physischen Beschreibung - Allgemeine Angaben
Kontrollfeld mit fester Länge 201127b ||||| |||| 00| 0 eng d
040 ## - Katalogisierungsquelle
Original-Katalogisierungsstelle DE-2950
Katalogisierungssprache ger
Übertragungsstelle DE-2950
Beschreibungsfestlegungen rda
041 ## - Sprachcode
Sprachcode des Textes/der Tonspur oder des separaten Titels ger
245 ## - Titel
Haupttitel Trauer um Christa Friedemann.
Titelzusatz Nachruf: Die erste Leiterin des Arbeitsamtes in Frankfurt (Oder) nach der Wende ist im Alter von 86 Jahren verstorben.
Verantwortlichkeitsangabe jko.
264 ## - Veröffentlichungsangabe, Vertriebsangabe, Herstellungsangabe
Erscheinungs-, Vertriebs-, Herstellungsdatum 2021
653 ## - Lokales Schlagwort
Nicht-normierter Term Friedemann, Christa; Leiterin Arbeitsamt Frankfurt (Oder) 1935 - 21.12.2021
773 ## - Übergeordnete Einheit
Ort, Verlag und Erscheinungsjahr Frankfurt (Oder) Märkisches Verlags- und Druckhaus GmbH & Co KG
Titel Märkische Oderzeitung
Verknüpfungsangaben 33. Jahrgang (2022) Nr. 2 vom 04.01.2022, S. 16
942 ## - Zusätzliche Felder (Koha)
Koha-Medientyp Aufsätze
Exemplare
Ausgeschieden Verloren Beschädigt Nicht entleihbar Permanenter Standort Aktueller Standort Aufstellungsort Eingabedatum Anzahl Ausleihen Signatur Letzte Aktivität Preis gültig von Medientyp
        Stadtarchiv Frankfurt (Oder) | Archivbibliothek Stadtarchiv Frankfurt (Oder) | Archivbibliothek Magazin 14/01/2022   Z2 14/01/2022 14/01/2022 Aufsätze